000 00398nam a2200169Ia 4500
008 230524s9999 xx 000 0 und d
020 _a9780070681132
082 _a621.4025
_bRAT
100 _aMahesh M Rathore
245 0 _aThermal Engineering
250 _a8
260 _aNew Delhi
_bMGH
_c2013
300 _a1134p;
500 _aQuantity Number: 30
650 _aMechanical
942 _cBK
999 _c53998
_d53998